000 00554 a2200181 4500
020 _a0-07-113133-7
040 _aDLC
_bEnglish
082 0 _a150.72
100 1 _aBordens, Kenneth S.
245 0 0 _aResearch design and methods :a process approach
_cKenneth S. Bordens and Bruce B. Abbott
250 _a5th ed
260 _aNew York ;
_aLondon :
_bMcGraw-Hill,
_c2001
300 _axv, 490, [49] s.:
_bdiagr., tab.
650 7 _aPsychology
_xResearch
650 7 _aPsychology
_xMethodology
700 1 _aAbbott, Bruce B.
_4aut
942 _cBK
_k150.72 BOR
_2ddc
999 _c6839
_d6839